| 000 | 00757nam a2200205 4500 | ||
|---|---|---|---|
| 001 | sa 68020317 | ||
| 003 | DLC | ||
| 005 | 20260227112723.0 | ||
| 008 | 731210s1968 io s 00000 eng | ||
| 010 | _asa 68020317 | ||
| 025 | _aPL480:Indo-8594 | ||
| 043 | _aa-io--- | ||
| 050 | 0 |
_aHE695 _b.S85 1968 |
|
| 100 | 0 | 0 | _aSunarjo. |
| 245 | 1 | 0 |
_aRiver and inland waterways in Indonesia; _bsubmitted in relevant to the United Nations Inter-regional Seminar on Technico-Economic, Organizational and Administrative Aspects of Inland Water-Borne Transport, to be held in Leningrad (USSR) from 9 to 29 September 1968. |
| 260 | 0 |
_a[Djakarta? _c1968?] |
|
| 300 |
_a11, iv l. _c32 cm. |
||
| 500 | _aCover title. | ||
| 650 | 0 |
_aInland water transportation _zIndonesia. |
|
| 999 |
_c89353 _d89353 |
||